LEADER 01154nam0 2200301 i 450 001 SUN0001467 005 20111013100610.392 010 $a88-348-2049-5 020 $aIT$b93 1222 100 $a20020701d1992 |0itac50 ba 101 $aita 102 $aIT 105 $a|||| ||||| 200 1 $aˆIl ‰portafoglio titoli nelle aziende di credito$fFranco Caparrelli 210 $aTorino$cG. Giappichelli$d[1992] 215 $aVIII, 176 p.$d24 cm. 606 $aInvestimenti bancari in titoli$2FI$3SUNC001086 606 $aAziende di credito$xServizi$2FI$3SUNC001087 620 $dTorino$3SUNL000001 676 $a332.6322$v21 700 1$aCaparrelli$b, Franco$3SUNV001480$0105249 712 $aGiappichelli$3SUNV000045$4650 801 $aIT$bSOL$c20181109$gRICA 912 $aSUN0001467 950 $aUFFICIO DI BIBLIOTECA DEL DIPARTIMENTO DI GIURISPRUDENZA$d00 CONS VI.Eg.28 $e00 1845 995 $aUFFICIO DI BIBLIOTECA DEL DIPARTIMENTO DI GIURISPRUDENZA$h1845$kCONS VI.Eg.28$op$qa 996 $aPortafoglio titoli nelle aziende di credito$9665174 997 $aUNICAMPANIA LEADER 01212nam a22003011i 4500 001 991002960199707536 005 20040511080220.0 008 040624s1972 it a||||||||||||||||ita 035 $ab13003434-39ule_inst 035 $aARCHE-096111$9ExL 040 $aDip.to Beni Culturali$bita$cA.t.i. Arché s.c.r.l. Pandora Sicilia s.r.l. 082 04$a722 100 1 $aLloyd, Seton$033957 245 10$aArchitettura mediterranea preromana /$cSeton Lloyd, Hans Wolfgang Müller, Roland Martin 260 $a[Milano] :$bElecta,$cstampa 1972 300 $a411 p. :$bill. ;$c29 cm 440 0$aStoria universale dell'architettura 650 4$aArchitettura$zAsia Minore 650 4$aArchitettura$zEgitto antico 650 4$aArchitettura$zGrecia antica 700 1 $aMartin, Roland 700 1 $aMüller, Hans Wolfgang$eauthor$4http://id.loc.gov/vocabulary/relators/aut$0398295 907 $a.b13003434$b02-04-14$c12-07-04 912 $a991002960199707536 945 $aLE001 AR II 31 4$g1$i2001000100330$lle001$nC. 1$o-$pE0.00$q-$rl$s- $t0$u0$v0$w0$x0$y.i13612943$z12-07-04 996 $aArchitettura mediterranea preromana$91449479 997 $aUNISALENTO 998 $ale001$b12-07-04$cm$da $e-$fita$git $h0$i1